| 000 | 00841nam a2200241 a 4500 | ||
|---|---|---|---|
| 005 | 20230309063513.0 | ||
| 008 | 040121s2003 mx r 000 0 spa d | ||
| 020 | _a8483165996 | ||
| 035 | _aUPN01000131444 | ||
| 049 | _aCG | ||
| 050 | 4 |
_aHQ1237 _bP4.3 |
|
| 100 | 1 | _aPicot, María Jesús | |
| 245 | 1 | 0 |
_aEducar en la igualdad : _bmateriales didácticos sobre la mujer / _cMaría Jesús Picot, Purificación Tárrago, Fabián Moradillo. |
| 260 |
_aMadrid : _bCCS, _c2003. |
||
| 300 | _a219 p. | ||
| 440 | 0 |
_aMateriales para educadores ; _v70 |
|
| 650 | 4 |
_aDiscriminación sexual contra la mujer _95666 |
|
| 650 | 2 |
_aMujeres _xHistoria y condición de la mujer _91583 |
|
| 650 | 4 |
_aIgualdad de oportunidades en educación _95002 |
|
| 700 | 1 |
_aTárrago, Purificación, _ecoaut. |
|
| 710 | 1 |
_aMoradillo, Fabién, _ecoaut. |
|
| 905 | _aLibro | ||
| 999 |
_c103599 _d103599 |
||